000
00264nam a22000977a 4500
999
_c
11678
_d
11678
008
191128b ||||| |||| 00| 0 eng d
020
_a
9781546026280
100
_a
Meyer Joyce
_9
7366
245
_a
Your Battles belong to the Lord
260
_a
New York
_b
Faith Words
_c
2019